Cities of China by Picture - Statistics

General Stats
  • This quiz has been taken 43 times
  • The average score is 7 of 8
Answer Stats
Picture Answer % Correct
Beijing
100%
Shanghai
100%
Guangzhou
97%
Hong Kong
89%
Shenzhen
81%
Macau
75%
Tianjin
75%
Hangzhou
50%
No matching quizzes found
Score Distribution
Percent of People with Each Score
Percentile by Number Answered
Your Score History
You have not taken this quiz